000
00211nam a2200097Ia 4500
008
240331s9999 xx 000 0 und d
082
_b
TUN
100
_a
Tung, Ma-Tse,
245
0
_a
Kalaiyum Ilakkiyamum
942
_c
L
999
_c
3689
_d
3689